000 00576nam a2200169 a 4500
001 000034972
005 20200930074024.0
008 111024s1980 cu 000 0 spa d
040 _aDO-SdBNP
_bspa
_cBNPHU
082 _axxxx
_bxxxx
100 1 _aBrie, Sonja
_960567
245 1 0 _aSobre los nexos existentes entre los medios de difusión masiva y los receptores /
_cSonja Brie.
260 _aStgo de Cuba, :
_bOriente,
_c1980.
300 _a75 p. ;
_c18 cm.
504 _aBibliografía : p. 75
590 _aPerteneció a la biblioteca personal de Juan Isidro Jiménez Grullón.
999 _c34463
_d34463